000 00597cam a2200229 i 4500
001 4601932
005 20180306090146.0
008 760312s1975 enkaf b 001 0 eng
010 _a 76355862
015 _aGB***
020 _a0297769928 :
_c£8.50
040 _aDLC
_cDLC
_dDLC
041 _aeng
080 _a940.28 HOB
082 0 0 _a940.28 HOB
100 1 _a16
101 _aHIS
245 1 4 _aThe age of capital, 1848-1875 /
_cE. J. Hobsbawm.
504 _aIncludes bibliographical references and index.
906 _a7
_bcbc
_corignew
_d3
_encip
_f19
_gy-gencatlg
942 _2ddc
_cBK
999 _c44216
_d44216